| 000 | 00601nam a22001577a 4500 | ||
|---|---|---|---|
| 005 | 20250414154836.0 | ||
| 008 | 250414b |||||||| |||| 00| 0 eng d | ||
| 050 |
_aGE190 _b.S6 SAK |
||
| 245 |
_aState of the environment in Southern Africa _cAndrea Booth, John McCullum, James Mpinga & Mutizwa Mukute and Edited by; Munyaradzi Chenje & Phyllis Johnson |
||
| 260 |
_aZimbabwe _bSouthern African Research & Documentation Centre _c1994 |
||
| 300 |
_axvii. 332p. _bill. (some col.) _c26 cm |
||
| 500 | _aIncludes Index | ||
| 650 | _2Geography | ||
| 710 | _aThe World Conservation Union | ||
| 942 |
_2lcc _cBK _n0 |
||
| 999 |
_c5463 _d5463 |
||